00557cam a2200205 i 4500001001300000003000400013005001700017008004100034010001700075040001300092050002100105100003200126245006400158250001600222260004800238300002100286500001300307546001400320999001700334sa 68008082 DLC20260227112528.0040707s1968 ii 000 f tamr  asa 68008082  aDLCcDLC00aPL4758.9.V38bN41 aMar̲aimalaiyan̲, A, 1933-10aKalyāṇa ūrvalam /cāciriyar, A. Mar̲aimalaiyan̲. a1. patippu. aCen̲n̲ai :bVān̲ati Patippakam,c1968. a223 p. ;c18 cm. aA novel. aIn Tamil. c82228d82228